000 00298nam a2200121Ia 4500
008 190216s9999||||xx |||||||||||||| ||und||
100 _aBhu Dev Sharma
245 0 _aDifferential Equations For Honours
260 _bKedernath Ramnath
_c1963
300 _a124p
650 _aMathematics
942 _cBK
999 _c30785
_d30785